000 01531nam a2200361 i 4500
001 15605776
003 EG-ScBUE
005 20230302063742.0
008 090130t2009 njua f 001 0 eng d
020 _a9780470399118 (pbk.)
020 _a0470399112 (pbk.)
035 _a(OCoLC)ocn302414604
040 _aDLC
_beng
_erda
_cDLC
_dYDXCP
_dBTCTA
_dUKM
_dC#P
_dVP@
_dCDX
_dDLC
_dEG-ScBUE
082 0 4 _a720.284
_222
_bCHI
100 1 _aChing, Francis D. K.,
_d1943-
_eauthor.
245 1 0 _aArchitectural graphics /
_cFrancis D.K. Ching.
250 _aFifth edition.
264 1 _aHoboken, New Jersey :
_bJohn Wiley and Sons, Inc.,
_c[2009]
264 4 _cc2009
300 _avi, 250 pages :
_billustrations ;
_c28 cm
336 _2rdacontent
_atext
_btxt
337 _2rdamedia
_aunmediated
_bn
338 _2rdacarrier
_avolume
_bnc
500 _aIncludes index.
505 0 _aPreface -- Drawing tools and materials -- Architectural drafting -- Architectural drawing systems -- Multiview drawings -- Paraline drawings -- Perspective drawings -- Rendering tonal values -- Rendering context -- Architectural presentations -- Freehand drawing -- Index.
650 7 _aArchitectural drawing.
_2BUEsh
653 _bENGARC
_cMarch2023
655 _vReading book
906 _a7
_bcbc
_corignew
_d1
_eecip
_f20
_gy-gencatlg
942 _2ddc
_cBB
999 _c30183
_d30154